Vysoké tatry centrom lyžiarskeho ruchu 1971
| Format: | Article |
|---|---|
| Language: | Slovak |
| PhysicalDescription: | Obr. |
| Subjects: |
MARC
| LEADER | 00000nab a2200000 ar4500 | ||
|---|---|---|---|
| 001 | vtls009491036 | ||
| 003 | SK-MaSNL | ||
| 005 | 20260304173412.0 | ||
| 008 | 090408c1971 xo mr|p|||||||000 b|slo | ||
| 015 | |a SNKBUCL1971 |2 snkbucl | ||
| 038 | |a SNKBUCL | ||
| 040 | |a SNKBUCL |b slo |c SNKBUCL |e AACR2 | ||
| 041 | 0 | |a slo | |
| 044 | |a xo |c SK | ||
| 080 | |a 796.92 |2 2001 | ||
| 245 | 0 | 0 | |a Vysoké tatry centrom lyžiarskeho ruchu 1971 |
| 300 | |b Obr. | ||
| 650 | 0 | 7 | |a lyžovanie |2 snkbucl |9 3256 |
| 773 | 0 | |t Vysoké Tatry |g Roč. 10, č. 2 (1971), s. 16-21 | |
| 852 | |a SNK |b KIS3GCP | ||
| 999 | |c 3003083 |d 3005013 | ||


